000 00453nam a2200181Ia 4500
005 20260429112226.0
008 260429s9999||||xx |||||||||||||| ||und||
020 _a9788197358968
041 _aEnglish
082 _a572.0158
_bSHU
100 _aShukla, Anurag
245 0 _aPlant biochemistry /
_cAnurag Shukla
260 _aJaipur :
_bYking Book,
_c2024.
300 _avi, 268 p.; hb
650 _a Plant
650 _aBiochemistry
942 _cTB
999 _c52985
_d52985